Pháp luật và thực tiễn

Tallennettuna:
Bibliografiset tiedot
Aineistotyyppi: Kirja
Kieli:Undetermined
Julkaistu: Huế Trường Đại học Luật - Đại học Huế 2019
Aiheet:
Law
Tagit: Lisää tagi
Ei tageja, Lisää ensimmäinen tagi!
Thư viện lưu trữ: Trung tâm Học liệu Trường Đại học Cần Thơ
LEADER 00519nam a2200169Ia 4500
001 CTU_234336
008 210402s9999 xx 000 0 und d
082 |a 340 
082 |b Ph109 
245 0 |a Pháp luật và thực tiễn 
245 0 |c Trường Đại học Luật - Đại học Huế 
260 |a Huế 
260 |b Trường Đại học Luật - Đại học Huế 
260 |c 2019 
650 |a Law 
650 |z Vietnam 
980 |a Trung tâm Học liệu Trường Đại học Cần Thơ